Quản trị và khởi nghiệp nghệ thuật lãnh đạo
Guardat en:
| Autor corporatiu: | |
|---|---|
| Format: | Llibre |
| Publicat: |
Hà Nội
Thế giới
2017
|
| Edició: | Tái bản lần thứ nhất |
| Matèries: | |
| Etiquetes: |
Afegir etiqueta
Sense etiquetes, Sigues el primer a etiquetar aquest registre!
|
| Thư viện lưu trữ: | Trung tâm Học liệu Lê Vũ Hùng, Trường Đại học Đồng Tháp |
|---|
| LEADER | 00789pam a22002418a 4500 | ||
|---|---|---|---|
| 001 | 00041241 | ||
| 005 | 20180409140452.0 | ||
| 008 | 110423s2000 ||||||Viesd | ||
| 020 | # | # | |a 978 604 77 3370 5 |c 120000 |
| 041 | 0 | # | |a Vie |
| 082 | 1 | 4 | |a 658 |b QU105TR |
| 110 | 1 | # | |a Group Quản trị khởi nghiệp |
| 245 | 0 | 0 | |a Quản trị và khởi nghiệp nghệ thuật lãnh đạo |
| 250 | # | # | |a Tái bản lần thứ nhất |
| 260 | # | # | |a Hà Nội |b Thế giới |c 2017 |
| 300 | # | # | |a 351 tr. |c 21 cm. |
| 653 | # | # | |a Khởi nghiệp |
| 653 | # | # | |a Lãnh đạo |
| 653 | # | # | |a Nghệ thuật |
| 653 | # | # | |a Quản trị |
| 852 | # | # | |j KD.0023407 |
| 910 | |d 09/04/2018 | ||
| 980 | # | # | |a Trung tâm Học liệu Lê Vũ Hùng, Trường Đại học Đồng Tháp |